Statistics for Food Cities

Click here to take the quiz!

General Stats

  • This quiz has been taken 88 times
  • The average score is 6 of 15

Answer Stats

City Country % Correct
CarrotFrance
92%
LasagnaItaly
88%
BurgerUnited States
81%
TacosMexico
78%
SandwichUnited Kingdom
69%
MushroomCanada
40%
BaguetteChina
38%
CheeseRussia
36%
MacaroniAustralia
35%
SpinachPoland
26%
PizzaPhilippines
18%
SteakEgypt
17%
ButterPakistan
12%
HamSyria
12%
BananaD. R. Congo
1%

Score Distribution

Percentile by Number Answered

Percent of People with Each Score

Your Score History

You have not taken this quiz